| 000 | 00507nam a22001337a 4500 | ||
|---|---|---|---|
| 008 | 150529b xxu||||| |||| 00| 0 eng d | ||
| 020 | _a9780521754965 | ||
| 050 |
_aQA 801. _b H318 2003 |
||
| 100 | _aHarrison, Paul., Smith-Montague, Ann. | ||
| 245 |
_aApex maths extension for all through problem solving _b: pupils textbook 6 |
||
| 260 |
_aNew York _bCambridge University Press _c2003 |
||
| 300 |
_a48 pages., _bcol.,ill., _c; 26 cm. _eTextbook |
||
| 942 |
_2lcc _cBK _hQA 801. H318 2003 |
||
| 999 |
_c284507 _d284507 |
||